000 00666cam a22002413a 4500
001 10493
003 PGUSA
005 20140828083225.0
008 031201s2003||||xxu|||||s|||||000 p eng d
040 _aPGUSA
_beng
042 _adc
050 4 _aPR
245 1 4 _aThe Old Bush Songs
_h[electronic resource]
260 _bProject Gutenberg,
_c2003
506 _aPublic domain in the USA.
516 _aElectronic text
653 _aSongs, English -- Australia
653 _aAustralian poetry
700 1 _aPaterson, A. B.
_q(Andrew Barton),
_d1864-1941
830 0 _aProject Gutenberg
_v10493
856 4 0 _uhttp://www.gutenberg.org/ebooks/10493
942 _cEB
999 _c239748
_d239748